Let's Make Superman's Logo Quiz Stats

 Plays Quiz Updated Nov 8, 2017

Challenge
Share
Tweet
Score 0/30 Timer 05:00
10 Plays Today
% Correct
Lois Lane
96.8%
Kal-El (Clark Kent)
96.4%
Kryptonite
93.4%
Lex Luthor
86.2%
The Daily Planet
83.3%
Christopher Reeve, Brandon Routh, Henry Cavill
81.5%
Krypton
79.8%
Metropolis
72.7%
Jor-El, Lara Lor-Van,
Jonathan Kent, Martha Kent
72.1%
A Speeding Bullet
70.9%
Supergirl
69.4%
Fortress of Solitude
62.6%
Batman, Wonder Woman, Green Lantern,
Flash, Aquaman, Martian Manhunter
62%
Jimmy Olsen
60.3%
Tall Buildings
59.2%
% Correct
Oprah Winfrey
57.6%
General Zod
57.3%
Truth, Justice, and the American Way
50.5%
A Locomotive
46%
Perry White
44.1%
Golden Age of Comic Books
43.5%
Action Comics #1
41.3%
Hope
38.6%
Five for Fighting
37.6%
Doomsday
33.3%
Captain Marvel
(Shazam)
31.4%
Tom Welling
31.1%
Steel, Superboy, Eradicator, Cyborg Superman
23.2%
Jerry Siegel and Joe Shuster
17.9%
Shrunken City of Kandor
13.6%

You're not logged in!

Compare scores with friends on all Sporcle quizzes.
OR
Log In

You Might Also Like...

Show Comments

Extras

Top Quizzes Today


Score Distribution

Your Account Isn't Verified!

In order to create a playlist on Sporcle, you need to verify the email address you used during registration. Go to your Sporcle Settings to finish the process.

Report this User

Report this user for behavior that violates our Community Guidelines.

Details: